|
|
|
|
| LEADER |
00000nab a2200000 a 4500 |
| 001 |
vtls000224435 |
| 003 |
SK-MaSNL |
| 005 |
20260304071830.0 |
| 008 |
250423c1985 xo 0 slo |
| 015 |
|
|
|a SNBRB19rr/mm-uuuuu
|
| 035 |
|
|
|a CL0234549
|
| 035 |
|
|
|a urn:nbn:sk:snk-abel8n
|
| 035 |
|
|
|a (urnnbn)urn:nbn:sk:snk:ar-0006u6
|
| 035 |
|
|
|a (uuid)acb45ebc-223b-46a5-b45a-0cb296a3f412
|
| 040 |
|
|
|a SNKBUCL
|b slo
|c SNKBUCL
|e AACR2
|
| 041 |
0 |
|
|a slo
|
| 044 |
|
|
|a xo
|c SK
|
| 080 |
|
|
|a 82.09:885.4-3(048)
|2 1981
|
| 080 |
|
|
|a 885.4-3(048)
|2 1981
|
| 100 |
1 |
|
|a Sulík, Ivan,
|d 1943-2021
|4 aut
|9 223328
|
| 245 |
1 |
0 |
|a Peter Jaroš: Nemé ucho, hluché oko
|c Ivan Sulík
|
| 500 |
|
|
|a V rubrike Knihy
|
| 650 |
0 |
7 |
|a slovenská próza
|2 snkbucl
|9 1206
|
| 655 |
|
7 |
|a recenzie
|2 snkbucl
|9 21907
|
| 655 |
|
7 |
|a články z novín a časopisov
|2 snkbucl
|9 267496
|
| 655 |
|
7 |
|a články z odboru literárna veda a krásna literatúra
|2 snkbucl
|9 770045
|
| 773 |
0 |
|
|t Slovenské pohľady
|g Roč. 101, č. 8 (1985), s. 128-131
|
| 787 |
0 |
8 |
|i Rec.:
|a Jaroš, Peter
|t [Názov chýba]
|d Bratislava : Slovenský spisovateľ, 1984
|
| 850 |
|
|
|a Slovenská národná knižnica
|
| 852 |
|
|
|a Slovenská národná knižnica
|
| 954 |
|
|
|a odborná, vedecká literatúra pôvodná (slovenská)
|2 lita
|
| 958 |
|
|
|a article27
|
| 958 |
|
|
|a BX
|
| 958 |
|
|
|a RK
|
| 958 |
|
|
|a LX
|
| 958 |
|
|
|a OND
|
| 958 |
|
|
|a EUIPO
|
| 992 |
|
|
|a RBX
|
| 999 |
|
|
|c 2762408
|d 2764338
|